<?xml version="1.0" encoding="UTF-8"?>
<record
    xmlns:xsi="http://www.w3.org/2001/XMLSchema-instance"
    xsi:schemaLocation="http://www.loc.gov/MARC21/slim http://www.loc.gov/standards/marcxml/schema/MARC21slim.xsd"
    xmlns="http://www.loc.gov/MARC21/slim">

  <leader>01715nam a22002297a 4500</leader>
  <controlfield tag="003">3228</controlfield>
  <controlfield tag="005">20260527170725.0</controlfield>
  <controlfield tag="008">260511b        sa ||||| |||| 00| 0 eng d</controlfield>
  <datafield tag="020" ind1=" " ind2=" ">
    <subfield code="a">9780190427009</subfield>
    <subfield code="q">paperback</subfield>
  </datafield>
  <datafield tag="040" ind1=" " ind2=" ">
    <subfield code="a">mpl</subfield>
    <subfield code="c">3228</subfield>
    <subfield code="e">rda</subfield>
  </datafield>
  <datafield tag="041" ind1=" " ind2=" ">
    <subfield code="a">IsiZulu</subfield>
  </datafield>
  <datafield tag="100" ind1=" " ind2=" ">
    <subfield code="9">199534</subfield>
    <subfield code="a">Ndlovu,Hloniphani </subfield>
    <subfield code="e">author</subfield>
  </datafield>
  <datafield tag="245" ind1=" " ind2=" ">
    <subfield code="a">UShesha noshukela : funda le ncwadi wengeze amandla omthombo</subfield>
    <subfield code="c">Ndlovu, Hloniphani</subfield>
  </datafield>
  <datafield tag="260" ind1=" " ind2=" ">
    <subfield code="a">Cape Town</subfield>
    <subfield code="b">Oxford University Press Southern Africa(PTY) Limited</subfield>
    <subfield code="c">2017</subfield>
  </datafield>
  <datafield tag="300" ind1=" " ind2=" ">
    <subfield code="a">12 pages : </subfield>
    <subfield code="b">illustrations ; </subfield>
    <subfield code="c">21 cm</subfield>
  </datafield>
  <datafield tag="490" ind1=" " ind2=" ">
    <subfield code="a">Aweh! ; imisindo izinga 3, incwadi yokufunda 8  Aweh! ; imisindo izinga 3, incwadi yokufunda 8.</subfield>
  </datafield>
  <datafield tag="500" ind1=" " ind2=" ">
    <subfield code="a">"Usukulungele na ukufunda?"--Cover

"Indaba enemilingo"--Cover

Umsindo owethulwayo sh.

"Ibanga loku-1."

"Ulimi lwasekhaya, isiZulu"--Page 4 of cover

"U-CAPS"--Page 4 of cover</subfield>
  </datafield>
  <datafield tag="520" ind1=" " ind2=" ">
    <subfield code="a">UShesha noshukela is the eighth Reader of Level 3 in the Aweh! isiZulu Home Language reading scheme. Aweh! is a graded reading scheme that will awaken any child&#x2019;s imagination as they join Mama Africa in saving the world&#x2019;s stories by charging the Umthombo; the well of stories. The bright and colourful artwork provides a child-centred learning opportunity that integrates both the weekly Mathematics concept and the Life Skills topic. The inside cover identifies the key vocabulary and phonic focus for every Reader. The back inside cover offers a fun writing activity to consolidate the child&#x2019;s understanding and to link reading to writing.</subfield>
  </datafield>
  <datafield tag="521" ind1=" " ind2=" ">
    <subfield code="a">Children fiction
Grade 1, level 3 isiZulu Home Language graded reader</subfield>
  </datafield>
  <datafield tag="700" ind1=" " ind2=" ">
    <subfield code="9">199535</subfield>
    <subfield code="a">Wallace,Stephen</subfield>
    <subfield code="e">illustrator</subfield>
  </datafield>
  <datafield tag="942" ind1=" " ind2=" ">
    <subfield code="2">ddc</subfield>
    <subfield code="c">BOOK</subfield>
    <subfield code="w">6786</subfield>
    <subfield code="x">Chimezie Obi</subfield>
    <subfield code="y">6786</subfield>
    <subfield code="z">Chimezie Obi</subfield>
  </datafield>
  <datafield tag="999" ind1=" " ind2=" ">
    <subfield code="c">798760</subfield>
    <subfield code="d">798759</subfield>
  </datafield>
</record>
